000 00617nam a2200205 i 4500
001 32740
003 ES-MaACL
005 20230906154628.0
007 t|
008 030131s1928 sp ||||1| spa d
080 _a811.131.1'36
100 1 _aBenot, Eduardo.
_927763
245 1 0 _aGramática italiana y método para aprenderla /
_cpor Eduardo Benot.
250 _a7ª ed.
260 _aMadrid :
_b[s.n.],
_c1928 (
_fImp. Editorial Hernando)
300 _a2 v. ;
_c22 cm.
594 _aPrecede al título: Ollendorff reformado.
650 0 4 _aLengua italiana-
_xGramática.
_914290
852 _aES-MaACL
_jA-4625-26
999 _c32740
_d32740